| 000 | 00677cam a2200253 4500 | ||
|---|---|---|---|
| 001 | L155641 | ||
| 008 | 050923n1986 000 0 eng u | ||
| 020 | _a0946805067 | ||
| 035 | _a(Sirsi) u155641 | ||
| 041 | 0 | _aeng | |
| 050 | 0 | 4 | _a692.5 $2 18 |
| 245 | 0 | 0 |
_aWessex Comprehensive Building Price Book 1987 _bMajor works |
| 250 | _a4th ed. | ||
| 260 |
_aPoole _bWessex Electronic Publishing _c1986 |
||
| 300 |
_aCa. 1000p _c30cm. |
||
| 350 | _a99.95 | ||
| 650 | 2 | 4 | _aBUILDING PRICE BOOKS |
| 650 | 2 | 4 | _aMAJOR WORKS |
| 650 | 2 | 4 | _aESTIMATING |
| 650 | 2 | 4 | _aCONSTRUCTION COSTS |
| 651 | 4 | _aENGLAND AND WALES | |
| 690 | _aBUILT ENVIRONMENT-BUILDING COSTS | ||
| 942 | _n0 | ||
| 999 |
_c113720 _d113720 |
||